Регионална библиотека "Любен Каравелов" - Русе

Значение на електронните доказателства в контекста на киберсигурността и националната сигурност (Запис номер 530439)

MARC детайли
000 -Лидер
Контролно поле с фиксирана дължина 01775nam a2200301 a 4500
003 - Код на организацията, давaща контролен номер
Контролно поле BLK
005 - Дата и час на последна редакция
Контролно поле 20250401090816.0
008 - Елементи от данни с фиксирана дължина
fixed length control field 210305b bu ||||| |||| 00| | bu d
020 ## - Международен стандартен номер на книга ISBN
Международен стандартен номер на книга ISBN 978-619-92437-9-4
040 ## - Източник на каталожния запис
Идентификатор на билиотеката - собственик на записа BLK
041 ## - Код за език
Код за езика на текст/звукозапис или на отделно заглавие Български
Код за езика КДБФ Български
080 ## - УДК
Текстов определител УДК Киберсигурност
УДК код - определител по УДК 004.056
УДК - код + определител 004.056:34
080 ## - УДК
Текстов определител УДК Военна политика. Политика за отбрана на страната
УДК код - определител по УДК 355.02
УДК - код + определител 355.02
100 ## - Редна дума - Автор
R(LIN) 442717
Автор Върбанова, Гергана Костова
Авторска отговорност първи автор
139 ## - Редно поле
Редна дума Върбанова, Гергана Костова
Авторски знак Вър - В 97
245 ## - Сведения за заглавието
Заглавие Значение на електронните доказателства в контекста на киберсигурността и националната сигурност
Подзаглавни данни Монография
Редно поле (дума) Гергана Върбанова
260 ## - Област на издателските данни
9 (RLIN) 489362
Място на издаване, разпространение и проч. Варна
Име на издателя, разпространителя и проч. Принт мастър
Година на издаване 2024
Издателство - префикс ISBN 978-954-9418- ; 954-90429- ; 954-91125-
300 ## - Физическа характеристика
Страници 192 с.
Размери/Мащаб 22 см
380 ## - Жанр
Жанр Общ отдел
500 ## - Общи забележки
Забележка Биогр. данни за авт. отбелязани на гърба на кор.<br/>Терминол. речник: с. 185-188<br/>Съдържа рец. от: Боян Кирилов Медникаров, Георги Георгиев Димитров<br/>Библиогр.: с. 175-182
650 #7 - Допълнително описание по предмет – тема
9 (RLIN) 154723
Основно описание – тема или топоним Електронни документи - България - законодателни и директивни материали
650 #0 - Допълнително описание по предмет – тема
9 (RLIN) 329549
Основно описание – тема или топоним Информационна сигурност
650 #0 - Допълнително описание по предмет – тема
9 (RLIN) 268412
Основно описание – тема или топоним Национална сигурност
653 #7 - Ключова дума – ненормативна
9 (RLIN) 186128
Ключова дума електронни документи
653 #7 - Ключова дума – ненормативна
9 (RLIN) 194317
Ключова дума правни проблеми
852 ## - Местоположение
Форматна сигнатура Цб 326636
Фондова буква Хранилище
942 ## - АРТИКУЛИ
Вид на библиотечния материал Книги
Скрит в OPAC Не
Периодичен библиозапис Да
999 ## - СИСТЕМНИ КОНТРОЛНИ НОМЕРА
Koha biblionumber 530439
Koha biblioitemnumber 530439
944 ## - СЪЗДАВАНЕ И РЕДАКЦИЯ на ЗАПИСА
Създаване/Редакция
Дата на регистрацията/редакция Нора Радева
Служител, извършил регистрацията/редакцията 30545
Статус, дата на статуса Нора Радева
Наличности
Код за отписване Код за изгубен артикул Източник на класификационната схема Код за повреда Коз за рестрикции Код за отдаване Артикулен № Име на библиотеката - собственик Име на библиотеката, в която се намира в момента Статус (Текущо местоположение) Дата на вписване в системата Местоположение - отдел Цена в лева Инвентарен номер Систематично азбучна сигнатура Баркод Цена в евро Служебен тип на артикула
  Не е изгубен Universal Decimal Classification Не е повреден само за читалня ползва се в читалня 966627 Регионална библиотека "Любен Каравелов" Русе Регионална библиотека "Любен Каравелов" Русе Хранилище 2025-04-10 Хранилище 6.82 120000919231 Цб 326636 120000919231 3.49 Книги
Vip Innovations Ltd, Rousse, Bulgaria 2025